000 00900pam a2200313 a 4500
999 _c2330
_d2330
001 013092692
003 Uk
005 20230414100304.0
008 041215s2005 enka j 000 1 eng
015 _aGBA506908
_2bnb
016 7 _a013092692
_2Uk
020 _a0746066759 :
040 _aStDuBDS
_beng
_cStDuBDS
_dUk
_dKH8
042 _aukblsr
082 0 4 _a823.914 DAY
_222
100 1 _aDaynes, Katie.
_eAuthor
245 1 0 _aHansel & Gretel /
_cretold by Katie Daynes ; illustrated by Jan MacCafferty.
260 _aLondon :
_bUsborne,
_c2005.
300 _a48 p. :
_bcol. ill. ;
_c20 cm.
336 _atext
_2rdacontent
337 _aunmediated
_2rdamedia
338 _avolume
_2rdacarrier
500 _aFormerly CIP.
_5Uk
655 7 _aFairy tales.
_2gsafd
655 0 _aChildren's stories.
700 1 _aMcCafferty, Jan.
_eIllustrator
730 0 _aHänsel und Gretel.
942 _2ddc
_cFIC